[Event "Madrid ch  2012-13 - Semifinal A"]
[Site "Madrid ESP"]
[Date "2013.03.19"]
[Round "6.2"]
[White "Nieto De La Cruz, Julio"]
[Black "Lopez De Turiso, Jose Angel"]
[Result "1/2-1/2"]
[WhiteElo "2111"]
[BlackElo "2066"]
[PlyCount "116"]
[EventDate "2013.03.11"]
[EventType "swiss"]
[EventRounds "9"]
[EventCountry "ESP"]
[Source "lmi"]
[SourceDate "2013.03.11"]

1. d4 Nf6 2. c4 e5 3. dxe5 Ne4 4. a3 d6 5. Qc2 d5 6. cxd5 Qxd5 7. Nc3 Nxc3 8.
Qxc3 Nc6 9. Bf4 Qd4 10. Qxd4 Nxd4 11. Rd1 Bc5 12. e3 Ne6 13. Bg3 Bd7 14. Bc4
Ba4 15. Rc1 Bb6 16. Ne2 O-O-O 17. Nf4 Rhe8 18. Nd5 Bc6 19. Nxb6+ axb6 20. f3
Bd5 21. Bb5 c6 22. Be2 Bb3 23. Rc3 Nc5 24. h4 h5 25. e4 Be6 26. Re3 Rd4 27. Bf2
Red8 28. Rc3 Rd2 29. b4 Na4 30. Rc1 Ra2 31. Be3 Rxa3 32. Kf2 Ra2 33. Ra1 Rxa1
34. Rxa1 b5 35. f4 g6 36. Rd1 Nc3 37. Rxd8+ Kxd8 38. Bf3 Bb3 39. Bd4 Na4 40.
Ke3 b6 41. f5 c5 42. Ba1 cxb4 43. Be2 Bc4 44. e6 gxf5 45. exf7 Ke7 46. Bxh5 b3
47. Bf6+ Kf8 48. exf5 b2 49. Bxb2 Nxb2 50. Bf3 Kxf7 51. g4 Nd3 52. g5 Ne5 53.
Be4 Nd7 54. Kd4 Be2 55. Ke3 Bg4 56. Kf4 Be2 57. Ke3 Bg4 58. Kf4 Be2 1/2-1/2

[Event "Madrid ch  2012-13 - Semifinal A"]
[Site "Madrid ESP"]
[Date "2013.03.19"]
[Round "6.3"]
[White "Cortes Jurado, Rafael"]
[Black "Martin Martin, Luis Vicente"]
[Result "1-0"]
[WhiteElo "2085"]
[BlackElo "2030"]
[PlyCount "43"]
[EventDate "2013.03.11"]
[EventType "swiss"]
[EventRounds "9"]
[EventCountry "ESP"]
[Source "lmi"]
[SourceDate "2013.03.11"]

1. d4 c5 2. d5 e5 3. c4 d6 4. Nc3 Be7 5. e4 Bg5 6. Bd3 Bxc1 7. Qxc1 Nh6 8. Nge2
O-O 9. Ng3 a6 10. O-O Qh4 11. f3 g6 12. Rb1 f5 13. b4 cxb4 14. Rxb4 Nd7 15. Na4
f4 16. Nh1 Qd8 17. Qb2 Qc7 18. Nf2 Rf6 19. Nb6 Nxb6 20. Rxb6 Ra7 21. c5 Bd7 22.
Rc1 1-0

[Event "Madrid ch  2012-13 - Semifinal A"]
[Site "Madrid ESP"]
[Date "2013.03.19"]
[Round "6.4"]
[White "Pinel Mirasierra, Jose Pablo"]
[Black "Arauz Alonso, Fernando"]
[Result "0-1"]
[WhiteElo "1928"]
[BlackElo "2084"]
[PlyCount "88"]
[EventDate "2013.03.11"]
[EventType "swiss"]
[EventRounds "9"]
[EventCountry "ESP"]
[Source "lmi"]
[SourceDate "2013.03.11"]

1. d4 d5 2. c4 c6 3. Qc2 Nf6 4. Nf3 g6 5. g3 Bf5 6. Qb3 Qb6 7. Bg2 Bg7 8. Qxb6
axb6 9. Nbd2 dxc4 10. Nxc4 b5 11. Ne3 Be4 12. Bd2 O-O 13. Bb4 Re8 14. O-O Nbd7
15. a3 Nb6 16. Ne5 Bxg2 17. Kxg2 Nbd5 18. Nd3 Nxe3+ 19. fxe3 Nd5 20. Rf3 e5 21.
dxe5 Bxe5 22. Raf1 f5 23. Bd2 Bd6 24. Rd1 Rad8 25. h3 h5 26. Bc1 Bc7 27. Rdf1
Re7 28. Nf4 Bxf4 29. gxf4 Kf7 30. Rg3 Nf6 31. Kf3 Ne4 32. Rg2 c5 33. Rfg1 Re6
34. b3 c4 35. bxc4 bxc4 36. Bb2 Nd2+ 37. Kf2 Ne4+ 38. Kf3 c3 39. Bc1 c2 40. Re1
Rd1 41. Rgg1 Red6 42. Bb2 Nd2+ 43. Kf2 Nb3 44. Bd4 Rxe1 0-1

[Event "Madrid ch  2012-13 - Semifinal A"]
[Site "Madrid ESP"]
[Date "2013.03.19"]
[Round "6.5"]
[White "Garcia Galeote, Lorenzo"]
[Black "Gomez Ferrer, Jesus"]
[Result "1-0"]
[WhiteElo "1997"]
[BlackElo "2001"]
[PlyCount "75"]
[EventDate "2013.03.11"]
[EventType "swiss"]
[EventRounds "9"]
[EventCountry "ESP"]
[Source "lmi"]
[SourceDate "2013.03.11"]

1. Nf3 Nf6 2. b3 d6 3. d4 c5 4. e3 cxd4 5. exd4 Qa5+ 6. Qd2 Qc7 7. d5 e5 8.
dxe6 fxe6 9. Bb2 Be7 10. Bb5+ Nc6 11. O-O O-O 12. Re1 a6 13. Bd3 e5 14. Bc4+
Kh8 15. Nc3 Bg4 16. Ng5 d5 17. Nxd5 Nxd5 18. Bxd5 Rad8 19. c4 h6 20. Ne4 Bb4
21. Bc3 Bxc3 22. Nxc3 Nd4 23. Re3 Rf4 24. Rae1 Rf5 25. h3 Bf3 26. gxf3 Nxf3+
27. Rxf3 Rxf3 28. Re3 Rf5 29. Ne4 Qe7 30. Ng3 Rf4 31. Qe2 Re8 32. Rf3 Ref8 33.
Rxf4 Rxf4 34. Qh5 Qf8 35. Ne4 Rf5 36. Qg6 Rf3 37. Ng5 Qf5 38. Nf7+ 1-0

[Event "Madrid ch  2012-13 - Semifinal A"]
[Site "Madrid ESP"]
[Date "2013.03.19"]
[Round "6.7"]
[White "Mansilla Tolosa, Luis"]
[Black "Gonzalez Mateos, Rafael"]
[Result "1-0"]
[WhiteElo "2036"]
[BlackElo "2110"]
[PlyCount "109"]
[EventDate "2013.03.11"]
[EventType "swiss"]
[EventRounds "9"]
[EventCountry "ESP"]
[Source "lmi"]
[SourceDate "2013.03.11"]

1. d4 Nf6 2. c4 e6 3. g3 d5 4. Nf3 Be7 5. Bg2 O-O 6. O-O dxc4 7. Ne5 c6 8. Nc3
Nbd7 9. Nxc4 Nb6 10. Ne5 Nbd5 11. e4 Nxc3 12. bxc3 Qc7 13. Qb3 Nd7 14. Nxd7
Bxd7 15. Bf4 Qb6 16. Rfb1 Qxb3 17. Rxb3 b6 18. a4 Rac8 19. Bf1 g5 20. Bd2 Rfd8
21. c4 Be8 22. Be3 f5 23. f3 Bg6 24. e5 Rb8 25. f4 g4 26. Rab1 Rdc8 27. a5 Bd8
28. Bg2 Bf7 29. Kf2 h5 30. axb6 axb6 31. Ra1 h4 32. Ra7 h3 33. Bf1 Ra8 34. Rba3
Rxa7 35. Rxa7 Rb8 36. Ra4 Be7 37. Ke1 b5 38. cxb5 cxb5 39. Ra2 Be8 40. Rb2 Ra8
41. Bd3 Ra1+ 42. Rb1 Ra2 43. Bd2 Bc6 44. Bxb5 Bxb5 45. Rxb5 Ra1+ 46. Ke2 Rh1
47. Rb8+ Kf7 48. Rh8 Rxh2+ 49. Kd3 Bf8 50. d5 exd5 51. e6+ Kxe6 52. Rxf8 Rg2
53. Be1 Rg1 54. Rh8 Rxe1 55. Re8+ 1-0

[Event "Madrid ch  2012-13 - Semifinal A"]
[Site "Madrid ESP"]
[Date "2013.03.19"]
[Round "6.8"]
[White "Martos De La Vega, Alvar"]
[Black "Dierssen Garcia-Barredo, Guill"]
[Result "1/2-1/2"]
[WhiteElo "1973"]
[BlackElo "1887"]
[PlyCount "102"]
[EventDate "2013.03.11"]
[EventType "swiss"]
[EventRounds "9"]
[EventCountry "ESP"]
[Source "lmi"]
[SourceDate "2013.03.11"]

1. d4 Nf6 2. c4 e6 3. g3 Bb4+ 4. Bd2 Qe7 5. Bg2 Nc6 6. Nf3 O-O 7. O-O Bxd2 8.
Nbxd2 d6 9. e4 e5 10. d5 Nb8 11. b4 a5 12. a3 Na6 13. Re1 Bd7 14. Qb3 Nh5 15.
Nh4 g6 16. Rab1 f5 17. exf5 g5 18. Nhf3 Bxf5 19. Rb2 h6 20. Nd4 Bd7 21. Ne6
Bxe6 22. dxe6 c6 23. c5 d5 24. Rxe5 axb4 25. axb4 Nc7 26. Nf1 Rf6 27. Rbe2 Ng7
28. Bh3 Ngxe6 29. Ne3 Qf7 30. Nf5 Qh5 31. g4 Ra1+ 32. Re1 Rxe1+ 33. Rxe1 Qf7
34. Qe3 Nf4 35. Bf1 Re6 36. Qd2 Qf6 37. Rxe6 Ncxe6 38. Qa2 Nd8 39. Qa8 Nfe6 40.
Qc8 Kh7 41. Qd7+ Qf7 42. Qd6 Qf6 43. Bd3 Qa1+ 44. Bf1 Qd1 45. Qe7+ Kg6 46. Qe8+
Kh7 47. h3 Qe1 48. Ne7 Kg7 49. Nf5+ Kh7 50. Qd7+ Kg6 51. Qe8+ Kh7 1/2-1/2

[Event "Madrid ch  2012-13 - Semifinal A"]
[Site "Madrid ESP"]
[Date "2013.03.19"]
[Round "6.9"]
[White "Alvarez Abejon, Amilcar"]
[Black "Spitzer Isbert, Ramon"]
[Result "1/2-1/2"]
[WhiteElo "2095"]
[BlackElo "2089"]
[PlyCount "93"]
[EventDate "2013.03.11"]
[EventType "swiss"]
[EventRounds "9"]
[EventCountry "ESP"]
[Source "lmi"]
[SourceDate "2013.03.11"]

1. d4 Nf6 2. c4 g6 3. Nc3 Bg7 4. e4 d6 5. h3 O-O 6. Nf3 e5 7. dxe5 dxe5 8. Qxd8
Rxd8 9. Bg5 Re8 10. Nd5 Nxd5 11. cxd5 Bf8 12. Bc4 Nd7 13. Rc1 Bb4+ 14. Ke2 Bd6
15. Rhd1 a6 16. Nd2 f6 17. Be3 f5 18. f3 Nf6 19. Bd3 Bd7 20. Bc5 Nh5 21. Ke1
Bb5 22. Bxb5 axb5 23. Bxd6 cxd6 24. a3 Nf4 25. Kf1 Rac8 26. Nb1 fxe4 27. fxe4
Rxc1 28. Rxc1 Rf8 29. Rc2 Nxd5+ 30. Kg1 Ne3 31. Rc1 d5 32. exd5 Nxd5 33. Rc5
Ne3 34. Nd2 Rd8 35. Rxe5 Nxg2 36. Ne4 Nf4 37. Rxb5 Rd1+ 38. Kh2 Re1 39. Nd6 Re3
40. Rxb7 Rxh3+ 41. Kg1 Rd3 42. Ne4 h5 43. a4 Rd1+ 44. Kh2 Ra1 45. Rd7 Rxa4 46.
Nf6+ Kf8 47. Nh7+ 1/2-1/2

[Event "Madrid ch  2012-13 - Semifinal A"]
[Site "Madrid ESP"]
[Date "2013.03.19"]
[Round "6.10"]
[White "Fuentes Arjona, Antonio"]
[Black "Gonzalez Perez, Pedro"]
[Result "0-1"]
[WhiteElo "2013"]
[BlackElo "2040"]
[PlyCount "98"]
[EventDate "2013.03.11"]
[EventType "swiss"]
[EventRounds "9"]
[EventCountry "ESP"]
[Source "lmi"]
[SourceDate "2013.03.11"]

1. e4 c6 2. d4 d5 3. exd5 cxd5 4. Nf3 Nc6 5. Ne5 Nf6 6. Bb5 Qb6 7. Bxc6+ bxc6
8. O-O Bf5 9. Nc3 e6 10. Na4 Qa6 11. c3 Bd6 12. f3 Bxe5 13. dxe5 Nd7 14. Qd4
O-O 15. b3 Rfd8 16. Ba3 Qb5 17. Bc5 a5 18. Rfe1 h6 19. Rac1 Rab8 20. Red1 Qe2
21. Rd2 Qa6 22. Bd6 Ra8 23. c4 Qb7 24. c5 Ra6 25. h4 h5 26. Rb2 Qb4 27. Rd1
Rda8 28. Bc7 Qb7 29. Bb6 Qb8 30. Re1 f6 31. f4 fxe5 32. fxe5 Nf8 33. b4 axb4
34. Rxb4 Qe8 35. Bc7 Qg6 36. Re2 Qh6 37. Rf2 Ng6 38. Bd6 Qc1+ 39. Kh2 Qe1 40.
Nc3 Ra3 41. Rb3 Rxb3 42. axb3 Ra1 43. Ra2 Qh1+ 44. Kg3 Bg4 45. Be7 Rxa2 46.
Nxa2 Nxe7 47. Qd2 Nf5+ 48. Kf2 Qxh4+ 49. Kg1 Ng3 0-1

[Event "Madrid ch  2012-13 - Semifinal A"]
[Site "Madrid ESP"]
[Date "2013.03.19"]
[Round "6.11"]
[White "Santamaria Baeza, Adolfo"]
[Black "Lorenzo Bailador, Alfredo"]
[Result "1-0"]
[WhiteElo "1891"]
[BlackElo "2016"]
[PlyCount "109"]
[EventDate "2013.03.11"]
[EventType "swiss"]
[EventRounds "9"]
[EventCountry "ESP"]
[Source "lmi"]
[SourceDate "2013.03.11"]

1. e4 e5 2. Nf3 Nc6 3. Bc4 Nf6 4. d3 Bc5 5. c3 O-O 6. Bg5 d6 7. b4 Bb6 8. a4 a6
9. a5 Ba7 10. Nbd2 Be6 11. Bd5 Qe7 12. O-O Nd8 13. d4 c6 14. Bc4 h6 15. Bh4
exd4 16. cxd4 Bxc4 17. Nxc4 g5 18. Bg3 Nxe4 19. Re1 d5 20. Bd6 Qf6 21. Bxf8
Kxf8 22. Nce5 Kg7 23. Ng4 Qf4 24. Nfe5 Ne6 25. Nd3 Qf5 26. Nc5 Nc3 27. Ne3 Qf6
28. Qd3 Nb5 29. Nf5+ Kh8 30. Nd7 Qg6 31. Ne5 Qh7 32. Qh3 Bxd4 33. Nxh6 Bxe5 34.
Nxf7+ Kg8 35. Qxh7+ Kxh7 36. Rxe5 Nbd4 37. Nxg5+ Nxg5 38. Rxg5 Re8 39. Rd1 Re4
40. f3 Rf4 41. Re1 Nc2 42. Re7+ Kh6 43. Rgg7 Rxb4 44. Rxb7 Ra4 45. Rgc7 Nd4 46.
Rh7+ Kg5 47. Rbg7+ Kf4 48. Rg4+ Ke5 49. Rh5+ Kd6 50. Rhh4 Ra1+ 51. Kf2 Ra2+ 52.
Ke1 Ra1+ 53. Kd2 Nb3+ 54. Kc2 Nxa5 55. Ra4 1-0

[Event "Madrid ch  2012-13 - Semifinal A"]
[Site "Madrid ESP"]
[Date "2013.03.19"]
[Round "6.13"]
[White "Rosa Ramirez, Victor D"]
[Black "Martin-Consuegra Barrilero, Francisco Javier"]
[Result "1-0"]
[WhiteElo "1945"]
[BlackElo "1886"]
[PlyCount "77"]
[EventDate "2013.03.11"]
[EventType "swiss"]
[EventRounds "9"]
[EventCountry "ESP"]
[Source "lmi"]
[SourceDate "2013.03.11"]

1. e4 d6 2. d4 Nf6 3. Nc3 e5 4. Nf3 Nbd7 5. Bc4 Be7 6. Bxf7+ Kxf7 7. Ng5+ Kg8
8. Ne6 Qe8 9. Nxc7 Qg6 10. O-O Rb8 11. f4 h6 12. f5 Qf7 13. Be3 b6 14. d5 Rb7
15. Ne6 Kh7 16. g4 Nc5 17. g5 Qh5 18. gxf6 Qxd1 19. Raxd1 Bxf6 20. Rf3 Bxe6 21.
fxe6 Rc8 22. Rd2 b5 23. Bxc5 Rxc5 24. Nd1 a5 25. Rb3 Rc4 26. Re2 b4 27. Nc3
Rbc7 28. Nb5 Rxc2 29. Rxc2 Rxc2 30. Nxd6 Be7 31. Nf5 Bc5+ 32. Kh1 Kg8 33. d6
Rd2 34. d7 g6 35. Rg3 Kf8 36. Rxg6 Rd1+ 37. Kg2 a4 38. Rf6+ Kg8 39. e7 1-0

[Event "Madrid ch  2012-13 - Semifinal A"]
[Site "Madrid ESP"]
[Date "2013.03.19"]
[Round "6.14"]
[White "Perez Cameselle, Francisco Jose"]
[Black "Saber, Salah"]
[Result "1-0"]
[WhiteElo "1875"]
[BlackElo "1863"]
[PlyCount "143"]
[EventDate "2013.03.11"]
[EventType "swiss"]
[EventRounds "9"]
[EventCountry "ESP"]
[Source "lmi"]
[SourceDate "2013.03.11"]

1. Nf3 d5 2. g3 Nf6 3. Bg2 Nbd7 4. d3 e5 5. Nbd2 c5 6. e4 d4 7. Nc4 Qc7 8. a4
Be7 9. O-O O-O 10. a5 Rb8 11. Ncxe5 Nxe5 12. Nxe5 b5 13. axb6 axb6 14. f4 b5
15. b3 h6 16. Bd2 Nd7 17. Nf3 Nf6 18. e5 Ne8 19. Qe2 Be6 20. Ra6 Rb6 21. Rfa1
Rxa6 22. Rxa6 Qb7 23. Ra5 Qb6 24. Qe1 Nc7 25. Qa1 Nd5 26. Ra6 Qd8 27. Qa5 Qxa5
28. Rxa5 b4 29. h3 Rc8 30. g4 Nc3 31. Bxc3 bxc3 32. f5 Bd5 33. Ne1 Bxg2 34.
Kxg2 Bg5 35. Nf3 Be3 36. Kg3 Kf8 37. h4 g5 38. hxg5 hxg5 39. Kg2 Bf4 40. Ra6
Re8 41. Kf2 Be3+ 42. Kg2 Bf4 43. Kf1 Bxe5 44. Nxg5 Bf4 45. Ne4 Rxe4 46. dxe4 d3
47. Ra2 Bc1 48. Ke1 Bb2 49. Kd1 d2 50. Ra5 Ke7 51. Rxc5 Kd6 52. Rc4 Ke5 53. g5
Ba3 54. g6 fxg6 55. fxg6 Kf6 56. Rxc3 Kxg6 57. Rc6+ Kf7 58. Kxd2 Ke7 59. Kd3
Kd7 60. Ra6 Bb2 61. Kc4 Kc7 62. Kd5 Kb7 63. Rg6 Ba3 64. e5 Kc7 65. Rg7+ Kd8 66.
e6 Ke8 67. Ra7 Bb4 68. c4 Kd8 69. c5 Bd2 70. c6 Bb4 71. c7+ Kc8 72. Kc6 1-0

[Event "Madrid ch  2012-13 - Semifinal A"]
[Site "Madrid ESP"]
[Date "2013.03.19"]
[Round "6.15"]
[White "Morera Rodriguez, Ignacio"]
[Black "Cano Mercado, Francisco Manuel"]
[Result "1-0"]
[WhiteElo "1866"]
[BlackElo "1870"]
[PlyCount "64"]
[EventDate "2013.03.11"]
[EventType "swiss"]
[EventRounds "9"]
[EventCountry "ESP"]
[Source "lmi"]
[SourceDate "2013.03.11"]

1. d4 d5 2. c4 e6 3. Nf3 Nf6 4. g3 Bb4+ 5. Bd2 Be7 6. Bg2 O-O 7. O-O b6 8. b3
Bb7 9. Ne5 Nbd7 10. Bc3 c5 11. e3 Qc7 12. Nxd7 Qxd7 13. dxc5 bxc5 14. Bb2 Rad8
15. Qf3 Ne4 16. Qe2 dxc4 17. Qxc4 Bd5 18. Qc2 Qb7 19. f3 Nf6 20. e4 Bc6 21. Na3
Rd7 22. Nc4 Rfd8 23. Rf2 Bb5 24. Ne5 Bd3 25. Nxd3 Rxd3 26. e5 Ne8 27. Bc3 Qd7
28. Bf1 Re3 29. f4 c4 30. Bxc4 Bc5 31. Ba5 Rf3 32. Raf1 Rxf2 1-0

[Event "Madrid ch  2012-13 - Semifinal A"]
[Site "Madrid ESP"]
[Date "2013.03.20"]
[Round "7.1"]
[White "Arauz Alonso, Fernando"]
[Black "De La Puerta Cresis, Javier"]
[Result "1-0"]
[WhiteElo "2084"]
[BlackElo "2019"]
[PlyCount "83"]
[EventDate "2013.03.11"]
[EventType "swiss"]
[EventRounds "9"]
[EventCountry "ESP"]
[Source "lmi"]
[SourceDate "2013.03.11"]

1. d4 Nf6 2. Nf3 g6 3. Bf4 Bg7 4. e3 O-O 5. Nbd2 c5 6. c3 d5 7. Be2 Nc6 8. dxc5
a5 9. a4 Bg4 10. O-O Nd7 11. Nb3 e5 12. Bg3 e4 13. Nfd4 Bxe2 14. Qxe2 Nde5 15.
Nb5 f5 16. Rad1 g5 17. Bxe5 Nxe5 18. Nd6 g4 19. Rxd5 Nf3+ 20. Kh1 Qh4 21. gxf3
exf3 22. Qc4 Kh8 23. Rxf5 Qh3 24. Rg1 Rxf5 25. Nxf5 Be5 26. Ng3 Rg8 27. Qf7 Rg5
28. Nd4 h5 29. Qf8+ Kh7 30. Qe7+ Kg6 31. Qe6+ Kh7 32. Ndf5 Bg7 33. Qe7 Rg6 34.
Nxg7 Rxg7 35. Qe4+ Kh8 36. Qe8+ Rg8 37. Qe5+ Kh7 38. Qf5+ Kh6 39. Qf4+ Rg5 40.
Qf6+ Rg6 41. Nf5+ Kh7 42. Qf7+ 1-0

[Event "Madrid ch  2012-13 - Semifinal A"]
[Site "Madrid ESP"]
[Date "2013.03.20"]
[Round "7.2"]
[White "Garcia Galeote, Lorenzo"]
[Black "Cortes Jurado, Rafael"]
[Result "0-1"]
[WhiteElo "1997"]
[BlackElo "2085"]
[PlyCount "50"]
[EventDate "2013.03.11"]
[EventType "swiss"]
[EventRounds "9"]
[EventCountry "ESP"]
[Source "lmi"]
[SourceDate "2013.03.11"]

1. Nf3 Nf6 2. b3 c5 3. Bb2 Nc6 4. e3 d6 5. c4 g6 6. d4 Bg7 7. d5 Nb8 8. e4 O-O
9. Qc2 Nbd7 10. Be2 b5 11. Nbd2 Nb6 12. O-O bxc4 13. Bxc4 a5 14. Rfe1 Ba6 15.
Rad1 a4 16. e5 Nfxd5 17. exd6 exd6 18. Bxg7 Kxg7 19. Ne4 axb3 20. Qb2+ Nf6 21.
Rxd6 Nxc4 22. Rxd8 Nxb2 23. Rxf8 Rxf8 24. Nxc5 bxa2 25. Nd2 Nd3 0-1

[Event "Madrid ch  2012-13 - Semifinal A"]
[Site "Madrid ESP"]
[Date "2013.03.20"]
[Round "7.3"]
[White "Ballesteros Gonzalez, David"]
[Black "Nieto De La Cruz, Julio"]
[Result "1-0"]
[WhiteElo "2231"]
[BlackElo "2111"]
[PlyCount "205"]
[EventDate "2013.03.11"]
[EventType "swiss"]
[EventRounds "9"]
[EventCountry "ESP"]
[Source "lmi"]
[SourceDate "2013.03.11"]

1. d4 Nf6 2. Bf4 c5 3. dxc5 Qa5+ 4. Qd2 Qxc5 5. Nc3 Nc6 6. e4 d6 7. Nf3 Be6 8.
a3 Rc8 9. Ng5 Bd7 10. b4 Nxb4 11. axb4 Qxc3 12. Qxc3 Rxc3 13. Rxa7 h6 14. Nf3
e5 15. Bd2 Rxc2 16. Rxb7 Be7 17. Bd3 Rc8 18. b5 O-O 19. Ke2 Rb8 20. Rxb8 Rxb8
21. Rb1 d5 22. Nxe5 dxe4 23. Bc4 Be8 24. b6 Bd6 25. Bc3 Kf8 26. b7 Ke7 27. Bd4
Kd8 28. Ba6 Nd5 29. Nc4 Bf4 30. g3 Bc7 31. Ne3 Ne7 32. Ba7 Bc6 33. Rd1+ Ke8 34.
Bxb8 Bxb8 35. Bc4 Be5 36. Rb1 Bb8 37. Bb5 Kd7 38. Bxc6+ Nxc6 39. Nc4 Ba7 40.
Nb6+ Kc7 41. Nd5+ Kb8 42. Nb4 Nd4+ 43. Kf1 Kxb7 44. Nc2+ Kc6 45. Nxd4+ Bxd4 46.
Ke2 Kd5 47. f3 exf3+ 48. Kxf3 Ke5 49. h4 Bc5 50. Rb5 Kd5 51. g4 Kc6 52. Ra5 Be7
53. h5 Kd7 54. Ke4 Ke6 55. Ra6+ Bd6 56. Rb6 Ke7 57. Kf5 Bc5 58. Rc6 Be3 59.
Rc7+ Ke8 60. Rc4 Bg5 61. Ke4 Kd7 62. Ke5 Bf6+ 63. Kd5 Bh4 64. Rb4 Ke7 65. Rb7+
Kf6 66. Kd6 Bg3+ 67. Kd7 Kg5 68. Rb4 f5 69. gxf5 Kxf5 70. Ke7 Be5 71. Rb5 Kf4
72. Kf7 Kf5 73. Ra5 Kf4 74. Kg6 Ke4 75. Ra7 Bf6 76. Ra5 Kf4 77. Ra4+ Ke5 78.
Ra2 Kf4 79. Ra5 Ke4 80. Rb5 Kf4 81. Rf5+ Kg4 82. Rf1 Bd4 83. Rf7 Bb2 84. Ra7
Bf6 85. Ra4+ Kf3 86. Kf5 Ke3 87. Rb4 Kf3 88. Re4 Bg5 89. Ra4 Ke3 90. Ra6 Bf6
91. Re6+ Kf3 92. Re4 Bg5 93. Re8 Bf6 94. Re6 Bd4 95. Rg6 Bc3 96. Ra6 Bb2 97.
Rb6 Bf6 98. Rb3+ Kf2 99. Kg6 Be5 100. Rb7 Kf3 101. Rxg7 Ke4 102. Rh7 Bf4 103.
Rxh6 1-0

[Event "Madrid ch  2012-13 - Semifinal A"]
[Site "Madrid ESP"]
[Date "2013.03.20"]
[Round "7.4"]
[White "Lopez De Turiso, Jose Angel"]
[Black "Lopez Heras, Arturo"]
[Result "1-0"]
[WhiteElo "2066"]
[BlackElo "1946"]
[PlyCount "103"]
[EventDate "2013.03.11"]
[EventType "swiss"]
[EventRounds "9"]
[EventCountry "ESP"]
[Source "lmi"]
[SourceDate "2013.03.11"]

1. d4 d6 2. e4 Nf6 3. Nc3 Nbd7 4. Nf3 e5 5. Bc4 Be7 6. Ng5 O-O 7. Bxf7+ Rxf7 8.
Ne6 Qe8 9. Nxc7 Qd8 10. Nxa8 b6 11. d5 Ba6 12. f3 Qxa8 13. a4 Qc8 14. Nb5 Qc5
15. Qe2 Nh5 16. Be3 Bxb5 17. axb5 Qc7 18. g3 Nc5 19. O-O Nf6 20. Ra3 Rf8 21.
Rfa1 Ra8 22. Rc3 Qb7 23. b4 Ncd7 24. Qc4 Bd8 25. Qc6 Qb8 26. Ra2 Nf8 27. Rca3
Ng6 28. Qc3 Ne7 29. Qa1 Nc8 30. Kf2 Qb7 31. c4 Qf7 32. Kg2 Rb8 33. Rc3 Nd7 34.
Rac2 h5 35. h4 Rb7 36. Qa6 Rc7 37. c5 Nb8 38. Qa3 Qg6 39. Kh3 Qf7 40. Bf2 Qd7+
41. Kg2 Qxb5 42. cxd6 Rxc3 43. Rxc3 Qd7 44. Qc1 Nxd6 45. Be3 Qb5 46. Rc8 Qe2+
47. Bf2 Nxc8 48. Qxc8 Na6 49. Qxd8+ Kh7 50. Qf8 Qb2 51. Qf5+ Kg8 52. Qc8+ 1-0

[Event "Madrid ch  2012-13 - Semifinal A"]
[Site "Madrid ESP"]
[Date "2013.03.20"]
[Round "7.5"]
[White "Martin Martin, Luis Vicente"]
[Black "Pinel Mirasierra, Jose Pablo"]
[Result "1/2-1/2"]
[WhiteElo "2030"]
[BlackElo "1928"]
[PlyCount "128"]
[EventDate "2013.03.11"]
[EventType "swiss"]
[EventRounds "9"]
[EventCountry "ESP"]
[Source "lmi"]
[SourceDate "2013.03.11"]

1. d4 d5 2. Bf4 Nf6 3. e3 Bf5 4. c4 e6 5. Qb3 Qc8 6. Nc3 c6 7. Rc1 Nbd7 8. Nf3
Be7 9. h3 O-O 10. Be2 dxc4 11. Bxc4 b5 12. Be2 Qb7 13. Nh4 Be4 14. Nxe4 Nxe4
15. Nf3 a6 16. O-O Rfc8 17. Rcd1 c5 18. dxc5 Ndxc5 19. Qc2 Na4 20. Qb1 Nb6 21.
Bd3 Nf6 22. Ng5 g6 23. Ne4 Nbd5 24. Nd6 Bxd6 25. Bxd6 Rd8 26. Bg3 Rac8 27. Bh4
h6 28. a3 g5 29. Bg3 Qe7 30. Be2 e5 31. Qf5 e4 32. Be5 Qe6 33. Qxe6 fxe6 34.
Rc1 Nd7 35. Bg3 Kf7 36. a4 bxa4 37. Bxa6 Rc5 38. Bd6 Rxc1 39. Rxc1 Nb8 40. Bc7
Nxc7 41. Rxc7+ Rd7 42. Rxd7+ Nxd7 43. Bb5 Nc5 44. Kf1 Ke7 45. Ke2 Kd6 46. Kd2
Kc7 47. Kc3 Kd6 48. Kd4 e5+ 49. Kc3 Kd5 50. Bc4+ Kd6 51. Bf7 Nd3 52. Be8 Nxf2
53. Bxa4 g4 54. hxg4 Nxg4 55. Kd2 Kc5 56. Bd7 Nf6 57. Be6 Kd6 58. Bf5 Kc5 59.
Ke2 Kb4 60. Be6 Kc5 61. Kd1 Kd6 62. Bf5 Kc5 63. Kc2 Nd5 64. Kd2 Nf6 1/2-1/2

[Event "Madrid ch  2012-13 - Semifinal A"]
[Site "Madrid ESP"]
[Date "2013.03.20"]
[Round "7.6"]
[White "Spitzer Isbert, Ramon"]
[Black "Mansilla Tolosa, Luis"]
[Result "1/2-1/2"]
[WhiteElo "2089"]
[BlackElo "2036"]
[PlyCount "117"]
[EventDate "2013.03.11"]
[EventType "swiss"]
[EventRounds "9"]
[EventCountry "ESP"]
[Source "lmi"]
[SourceDate "2013.03.11"]

1. e4 c6 2. Nf3 d5 3. Nc3 dxe4 4. Nxe4 Nf6 5. Ng3 Bg4 6. h3 Bxf3 7. Qxf3 Qd5 8.
Qb3 Qxb3 9. axb3 e6 10. Be2 Bd6 11. O-O Nbd7 12. d3 O-O 13. Be3 a6 14. Rfe1 Nd5
15. Bd2 Rfd8 16. Ne4 Be7 17. Bd1 N7f6 18. Ng5 Bb4 19. c3 Bd6 20. Ra4 Ne7 21.
Bc2 b5 22. Raa1 Ned5 23. g3 c5 24. Nf3 Nd7 25. d4 N5f6 26. dxc5 Bxc5 27. b4 Bd6
28. Be3 Nd5 29. Bd4 Rdc8 30. Be4 Bf8 31. Re2 g6 32. b3 Bg7 33. Bxd5 exd5 34.
Re7 Bxd4 35. cxd4 Nf8 36. Ng5 f6 37. Nf7 Re8 38. Rae1 Rxe7 39. Rxe7 Rc8 40.
Nh6+ Kh8 41. Ng4 Rc6 42. Rf7 Kg8 43. Rxf6 Rxf6 44. Nxf6+ Kf7 45. Nxd5 Ne6 46.
Kf1 Nxd4 47. Nc7 Nxb3 48. Nxa6 Kf6 49. Ke2 Ke5 50. Kd3 g5 51. Nc7 Nc1+ 52. Kc2
Na2 53. Kb3 Nc1+ 54. Kc2 Na2 55. Nxb5 Nxb4+ 56. Kc3 Nd5+ 57. Kd3 h5 58. f3 h4
59. gxh4 1/2-1/2

[Event "Madrid ch  2012-13 - Semifinal A"]
[Site "Madrid ESP"]
[Date "2013.03.20"]
[Round "7.7"]
[White "Gonzalez Perez, Pedro"]
[Black "Santamaria Baeza, Adolfo"]
[Result "1-0"]
[WhiteElo "2040"]
[BlackElo "1891"]
[PlyCount "99"]
[EventDate "2013.03.11"]
[EventType "swiss"]
[EventRounds "9"]
[EventCountry "ESP"]
[Source "lmi"]
[SourceDate "2013.03.11"]

1. d4 Nf6 2. c4 e6 3. Nc3 Bb4 4. e3 b6 5. Nge2 Bb7 6. a3 Be7 7. d5 d6 8. Ng3
Nbd7 9. Be2 g6 10. O-O O-O 11. f4 Re8 12. e4 c6 13. dxe6 fxe6 14. f5 exf5 15.
exf5 c5 16. fxg6 hxg6 17. Bf4 Ne5 18. Qc2 Kg7 19. Rad1 Qc8 20. Bg5 Nfg4 21. Qd2
Qd8 22. Nge4 Bxg5 23. Nxg5 Qd7 24. h3 Nh6 25. Nge4 Bxe4 26. Nxe4 Rad8 27. Nf6
Qe6 28. Nxe8+ Qxe8 29. Bd3 Qe6 30. Qf4 Nhf7 31. Be4 Rf8 32. Bd5 Qe7 33. Rde1
Nh6 34. Qxf8+ Qxf8 35. Rxf8 Kxf8 36. g4 Nhf7 37. Rf1 Ke7 38. Bxf7 Nxf7 39.
Rxf7+ Kxf7 40. h4 Kf6 41. Kf2 Ke5 42. Ke3 a6 43. h5 gxh5 44. gxh5 b5 45. h6 Kf6
46. Ke4 b4 47. a4 Kg6 48. Kd5 Kxh6 49. Kxd6 Kg6 50. Kxc5 1-0

[Event "Madrid ch  2012-13 - Semifinal A"]
[Site "Madrid ESP"]
[Date "2013.03.20"]
[Round "7.8"]
[White "Gomez Ferrer, Jesus"]
[Black "Dierssen Garcia-Barredo, Guill"]
[Result "1-0"]
[WhiteElo "2001"]
[BlackElo "1887"]
[PlyCount "73"]
[EventDate "2013.03.11"]
[EventType "swiss"]
[EventRounds "9"]
[EventCountry "ESP"]
[Source "lmi"]
[SourceDate "2013.03.11"]

1. d4 Nf6 2. c4 e6 3. Nf3 Bb4+ 4. Bd2 Qe7 5. g3 Nc6 6. Bg2 O-O 7. O-O Bxd2 8.
Nbxd2 d6 9. a3 a5 10. e4 e5 11. d5 Nb8 12. Ne1 Na6 13. Nd3 c6 14. Rc1 Bg4 15.
f3 Bd7 16. Qb3 cxd5 17. exd5 Bf5 18. Ne4 Nxe4 19. fxe4 Bg4 20. Rfe1 Kh8 21. h3
Bd7 22. Qb6 f5 23. c5 Nxc5 24. Nxc5 dxc5 25. exf5 Bxf5 26. Qxc5 Qg5 27. Qe3 Qg6
28. Qxe5 Rae8 29. Qc3 h5 30. Rxe8 Rxe8 31. Re1 Qb6+ 32. Kh2 Rxe1 33. Qxe1 Bg6
34. Qe5 Qf2 35. d6 Qd2 36. Qe7 Bd3 37. d7 1-0